Grit that defied odds: (Record no. 10402)

MARC details
000 -LEADER
fixed length control field 00670 a2200193 4500
010 ## - LIBRARY OF CONGRESS CONTROL NUMBER
LC control number ENG-89284
020 ## - INTERNATIONAL STANDARD BOOK NUMBER
International Standard Book Number 8122007309
Terms of availability 400.00
035 ## - SYSTEM CONTROL NUMBER
System control number EN-72817
037 ## - SOURCE OF ACQUISITION
Source of stock number/acquisition DBAD / PUB
082 14 - DEWEY DECIMAL CLASSIFICATION NUMBER
Classification number 351.726
090 ## - LOCALLY ASSIGNED LC-TYPE CALL NUMBER (OCLC); LOCAL CALL NUMBER (OCLC)
-- 10697
-- 10697
100 1# - MAIN ENTRY--PERSONAL NAME
Personal name Pande, A.K.
245 1# - TITLE STATEMENT
Title Grit that defied odds:
Remainder of title reflections of a revenue officer/
Statement of responsibility, etc by A.K. Pande
260 ## - PUBLICATION, DISTRIBUTION, ETC. (IMPRINT)
Place of publication, distribution, etc Delhi
Name of publisher, distributor, etc Konark Publishers
Date of publication, distribution, etc 2008
270 ## - ADDRESS
Address A-149, Main Vikas Marg,
City Delhi
State or province Delhi
Postal code 110092
Electronic mail address konarkpublishers@hotmail.com
300 ## - PHYSICAL DESCRIPTION
Extent xiv, 197 p.
Dimensions 22 cm ( Hb.)
942 ## - ADDED ENTRY ELEMENTS (KOHA)
Institution code [OBSOLETE] dpl
Koha item type English Books
Call number prefix 351.726 / PAN
Holdings
Withdrawn status Lost status Source of classification or shelving scheme Damaged status Not for loan Collection code Home library Current library Source of acquisition Cost, normal purchase price Total Checkouts Barcode Date last seen Copy number Uniform Resource Identifier Cost, replacement price Price effective from Koha item type
    Dewey Decimal Classification   Not For Loan Non-fiction D.B.Act.Division D.B.Act.Division DBAD/PUB 400.00   EN-72817 15/09/2008 1 11458 400.00 15/09/2008 English Books

© Delhi Public Library
Hit Counter
free hit counter